Modelo de gestión ambiental para el proyecto de rehabilitación del camino sacramento-wale 11:00 km, en el municipio de Santa María de Pantasma

Presenta un modelo de gestión ambiental que contribuya al control eficiente de las actividades constructivas del proyecto de rehabilitación del camino Sacramento Wale de 11:00 Km, aplicando instrumentos metodológicos para el desarrollo del sistema de gestión ambiental. Identifica los impactos de...

Full description

Bibliographic Details
Main Author: Castro Zeledón, Walter
Other Authors: Tutor: Milán Pérez, José Antonio
Format: Tesis Section = Libro
Language:Undetermined
Spanish
Published: Managua UNI 2004
Subjects:
LEADER 01558nam a2200241Ia 4500
008 240830s9999 xx 000 0 und d
040 |a BIBLIOTECA-RUSB/ T.Mon 333.7 C355 
041 |a spa 
082 |a T.Mon 333.7 C355 
100 1 |a Castro Zeledón, Walter 
245 1 0 |a Modelo de gestión ambiental para el proyecto de rehabilitación del camino sacramento-wale 11:00 km, en el municipio de Santa María de Pantasma 
260 |a Managua  |b UNI  |c 2004 
300 |a 86 p. :il. 
502 |a Tesis (Especialista en Gestión Ambiental y Proyectos de Desarrollo Rural) - UNI, 2004. 
520 3 |a Presenta un modelo de gestión ambiental que contribuya al control eficiente de las actividades constructivas del proyecto de rehabilitación del camino Sacramento Wale de 11:00 Km, aplicando instrumentos metodológicos para el desarrollo del sistema de gestión ambiental. Identifica los impactos de las actividades constructivas derivadas de la ejecución del proyecto. Propone un conjunto de acciones que corrijan y mitiguen los impactos, para la implementación del modelo de gestión ambiental aborda un diagnóstico ambiental de la zona de influencia del camino sacramento Wale. 
650 7 |a MEDIO AMBIENTE - GESTION AMBIENTAL - PROYECTO REHABILITACION WALE 
650 7 |b  DIAGNÓSTICO AMBIENTAL - SACRAMENTO WALE 
650 7 |c  IMPACTOS AMBIENTALES - PROYECTO SACRAMENTO WALE 
650 7 |d  MODELO DE GESTION AMBIENTAL - SACRAMENTO WALE 
700 1 |a Tutor:  |b Milán Pérez, José Antonio 
942 |c BK  |2 ddc 
991 |a TESIS 
999 |c 21669